| 000 | 00608nam a2200205 a 4500 | ||
|---|---|---|---|
| 005 | 20210219155844.0 | ||
| 008 | 071106s1972 mx r 000 0 spa d | ||
| 020 | _a950132026X | ||
| 035 | _aUPN01000153357 | ||
| 049 | _aCG | ||
| 050 | 4 |
_aLB1648 _bM3.3 1972 |
|
| 100 | 1 | _aMaíztegui, Alberto P. | |
| 245 | 1 | 0 |
_aIntroducción a la física 2 / _cAlberto P. Maíztegui, Jorge A. Sabato. |
| 250 | _a7a ed. | ||
| 260 |
_aBuenos Aires : _bKapelusz, _c1972. |
||
| 300 |
_a539, [9] p. : _bil. |
||
| 650 | 4 |
_aFISICA - _xPROGRAMAS DE ENSEÑANZA SECUNDARIA |
|
| 700 | 1 |
_aSabato, Jorge A. _ecoaut. |
|
| 905 | _aLibro | ||
| 999 |
_c125478 _d125478 |
||